[Event "Titled Tuesday intern op 13th Feb Early"]
[Site "Chess.com INT"]
[Date "2024.02.13"]
[Round "7"]
[White "Wojtaszek, Radoslaw"]
[Black "Martinez Alcantara, Jose Eduardo"]
[Result "1-0"]
[WhiteElo "2666"]
[BlackElo "2610"]
[PlyCount "133"]
[EventDate "2024.02.13"]
[EventType "swiss (blitz)"]
[EventRounds "11"]
[EventCountry "USA"]
[SourceTitle "CBM 218 Extra"]
[Source "ChessBase"]
[SourceDate "2024.03.31"]
[SourceVersion "1"]
[SourceVersionDate "2024.03.31"]
[SourceQuality "1"]

1. d4 Nf6 2. c4 e6 3. Nf3 Bb4+ 4. Bd2 c5 5. Bxb4 cxb4 6. e3 b6 7. Bd3 Bb7 8. Nbd2 a5 9. 0-0 d6 10. e4 0-0 11. Qe2 h6 12. Rad1 Qc7 13. Rfe1 e5 14. Nf1 Nc6 15. Ng3 g6 16. Qd2 Kh7 17. Bc2 Rad8 18. h3 Ba6 19. Rc1 Nb8 20. Ba4 Qe7 21. b3 Bb7 22. Bb5 Na6 23. Bxa6 Bxa6 24. Nh2 Bc8 25. f4 exd4 26. Nf3 Bb7 27. Qxd4 Nd7 28. Rcd1 Nc5 29. f5 Rg8 30. Re3 a4 31. Rf1 axb3 32. axb3 Nd7 33. Qd2 Nc5 34. Nh2 gxf5 35. Rxf5 Bc8 36. Rh5 Rg6 37. Nf5 Nxe4 38. Nxe7 Nxd2 39. Nxg6 Kxg6 40. Rb5 Bf5 41. Nf3 Nxf3+ 42. Rxf3 Be4 43. Rg3+ Kf6 44. Rxb6 Ke5 45. Rxb4 f5 46. Rg7 Ra8 47. Ra4 Rb8 48. b4 Kd4 49. b5 Bc2 50. Ra6 Kxc4 51. Rxd6 Be4 52. Rxh6 Rxb5 53. Rd6 Kc5 54. Rd2 Rb1+ 55. Kh2 Kc6 56. Kg3 Rf1 57. h4 Rh1 58. Rg5 Kc5 59. h5 Kc4 60. Kf4 Rh4+ 61. Ke5 Kc3 62. Rf2 Kd3 63. Kf6 Ke3 64. Rfxf5 Bxf5 65. Rxf5 Ke4 66. Rg5 Kf4 67. g3+ 1-0